Process control `97. Volume 1., 11th conference June 8-11, 1997 Tatranské Matliare. Proceedings. /

Uložené v:
Podrobná bibliografia
Hlavný autor: Mikleš, Ján (Adapter)
Médium: Kniha
Jazyk:English
Vydané: Bratislava : Slovenská technická univerzita, 1997
Vydanie:1. vyd.
Témy:
ISBN: 802270959X (brož.)
Fyzický popis: 288 s.
Tagy: Pridať tag
Žiadne tagy, Buďte prvý kto otaguje tento záznam!

MARC

LEADER 00000nam a2200000 a 4500
001 000035921
003 SVKK
005 19990615000000.0
008 970912s1997 xo e engo
020 |a 802270959X (brož.) 
040 |a SVKKK  |b slo  |c SVKKK  |e AACR2 
041 0 |a eng 
044 |a xo  |c SK 
080 |a 66.0(082)  |2 1997 
080 |a 62-52(082)  |2 1997 
080 |a 681.3(082)  |2 1997 
245 0 0 |a Process control `97.  |n Volume 1.,  |p 11th conference June 8-11, 1997 Tatranské Matliare. Proceedings. /  |c Edit. Ján Mikleš 
246 3 0 |a 11th conference June 8-11, 1997 Tatranské Matliare. Proceedings. 
250 |a 1. vyd. 
260 |a Bratislava :  |b Slovenská technická univerzita,  |c 1997 
300 |a 288 s. 
653 0 |a priemysel chemický  |2 SVKKKPH 
653 0 |a technika výpočtová  |2 SVKKKPH 
653 0 |a automatizácia  |2 SVKKKPH 
653 0 |a procesy riadiace  |2 SVKKKPH 
653 0 |a zborníky  |2 SVKKKPH 
655 7 |a zborníky  |2 SVKKKPH 
700 1 |a Mikleš, Ján  |4 adp 
910 |a svkkk 
919 |a 80-227-0959-X 
974 |a MI  |d 19971023 
974 |a DB  |d 19971216 
974 |a MI  |d 19990615 
998 |a BK 
090 |g SCKHL  |k Sklad Pribinova 3. posch.  |a V.200352  |j 911270  |i 2720176724  |s Absenčne 
090 |g SCKHL  |k Sklad Pribinova 3. posch.  |a V.200353  |j 911271  |i 2720176725  |s Absenčne